|
|
|
|
| LEADER |
00859nab a2200253 i 4500 |
| 001 |
misc64285 |
| 005 |
20241014151057.0 |
| 008 |
230314s1950 hu o 000 rus d |
| 040 |
|
|
|a SZTE Miscellanea Repozitórium
|b hun
|
| 041 |
|
|
|a rus
|
| 100 |
1 |
|
|a Potapov Leonid Pavlovič
|
| 245 |
1 |
0 |
|a Šorcy na puti socialističeskogo razvitiâ
|h [elektronikus dokumentum] /
|c Potapov Leonid Pavlovič
|
| 260 |
|
|
|c 1950
|
| 300 |
|
|
|a 123-136
|c 26 cm
|
| 300 |
|
|
|a [14] p.
|c 26 cm
|
| 490 |
0 |
|
|a Sovetskaâ Étnografiâ
|
| 561 |
|
|
|a Németh Gyula hagyaték
|
| 591 |
|
|
|a NOA 4661
|
| 650 |
|
4 |
|a Társadalomtudományok
|
| 650 |
|
4 |
|a Szociológia
|
| 650 |
|
4 |
|a Bölcsészettudományok
|
| 650 |
|
4 |
|a Történettudomány és régészet
|
| 695 |
|
|
|a Néprajz - Szibériai népek története
|
| 856 |
4 |
0 |
|u http://misc.bibl.u-szeged.hu/64285/1/4661_noa.pdf
|z Dokumentum-elérés
|